000 00665nam a2200181Ia 4500
008 100920s9999 xx 000 0 und d
082 _b48075
_a51 थ 84
100 _aदिवाणजी शकुंतला.
245 _aमी प्रतिभाची आई लिहिते.
260 _bप्रपंच प्रकाशन, पुणे 30.
_c1984
300 _a212
_bसाधी
365 _b32
520 _aचरित्र.
630 _aमी प्रतिभाची आई लिहिते.
650 _aचरित्र.
730 _aमी प्रतिभाची आई लिहिते.
942 _cBOOK
999 _c695178
_d695175